Poky and friends : (Record no. 105244)
[ view plain ]
| 000 -LEADER | |
|---|---|
| fixed length control field | 00419nam a2200145 a 4500 |
| 005 - DATE AND TIME OF LATEST TRANSACTION | |
| control field | 20140412111348.0 |
| 008 - FIXED-LENGTH DATA ELEMENTS--GENERAL INFORMATION | |
| fixed length control field | 110407s19uu xx 00 eng d |
| 020 ## - INTERNATIONAL STANDARD BOOK NUMBER | |
| International Standard Book Number | 0-307-99511-9 |
| 050 ## - LIBRARY OF CONGRESS CALL NUMBER | |
| Classification number | ER |
| Item number | Po75 2000 |
| 100 ## - MAIN ENTRY--PERSONAL NAME | |
| Personal name | Talkington, Bruce |
| 245 ## - TITLE STATEMENT | |
| Title | Poky and friends : |
| Remainder of title | The haunted trucks / |
| Statement of responsibility, etc | Bruce Talkington. |
| 260 ## - PUBLICATION, DISTRIBUTION, ETC. (IMPRINT) | |
| Place of publication, distribution, etc | New York : |
| Name of publisher, distributor, etc | Golden, |
| Date of publication, distribution, etc | 2000. |
| 440 ## - SERIES STATEMENT/ADDED ENTRY--TITLE | |
| Title | A Tootle the train adventure |
| Withdrawn status | Lost status | Damaged status | Home library | Current library | Shelving location | Date acquired | Source of acquisition | Total Checkouts | Full call number | Barcode | Date last seen | Price effective from | Koha item type |
|---|---|---|---|---|---|---|---|---|---|---|---|---|---|
| Elizalde Library | Elizalde Library | Easy Reading Section | 04/07/2011 | ER Po75 2000 | E9733 | 04/12/2014 | 04/12/2014 | Books |